Portugalština : souhrn gramatiky /

Hlavní autor: Jindrová, Jaroslava, 1955-
Jazyk: Portugalština
Čeština
Vydáno: Praha : Holman, [2024]
Vydání: 2. vyd.
Témata:
Fyzický popis: 1 složený list (20 stran) ; 23 x 10 cm
Knihy
Uloženo v:
LEADER 01353nam a2200433 i 4500
001 nkc20243605794
003 CZ PrNK
005 20240805085233.0
007 ta
008 240514s2024 xr g 000 0 cze
015 |a cnb003605794 
020 |a 978-80-7426-070-4  |q (list) 
035 |a (OCoLC)1451769673 
040 |a BOA001  |b cze  |e rda 
041 0 |a cze  |a por 
072 7 |a 811.134  |x Iberorománské jazyky  |2 Konspekt  |9 11 
080 |a 811.134.3  |2 MRF 
080 |a 81'36  |2 MRF 
080 |a (048.8)  |2 MRF 
100 1 |a Jindrová, Jaroslava,  |d 1955-  |7 jo20000082910  |4 aut 
245 1 0 |a Portugalština :  |b souhrn gramatiky /  |c autorka: Jaroslava Jindrová 
250 |a 2. vyd. 
264 1 |a Praha :  |b Holman,  |c [2024] 
264 4 |c ©2024 
300 |a 1 složený list (20 stran) ;  |c 23 x 10 cm 
336 |a text  |b txt  |2 rdacontent 
337 |a bez média  |b n  |2 rdamedia 
338 |a list  |b nb  |2 rdacarrier 
650 0 7 |a portugalština  |7 ph124382  |2 czenas 
650 0 7 |a mluvnice  |7 ph115331  |2 czenas 
650 0 9 |a Portuguese language  |2 eczenas 
650 0 9 |a grammar  |2 eczenas 
655 7 |a přehledy  |7 fd133202  |2 czenas 
655 9 |a surveys  |2 eczenas 
910 2 |a BOA001  |b 2-1526.548 
990 |a BK 
995 |a 01 
991 |b 202406  |c NOV 
996 6 |b 2610972325  |c 2-1526.548  |l MZK  |r Sklad / do 1 hodiny  |n 0  |p p.v.  |w 001967944  |u 000010  |a 1  |e BOA001  |j MZK50  |s P